[Event "Baku Chess Olympiad | Open"]
[Site "chess24.com"]
[Date "2016.09.06"]
[Round "5"]
[White "Kovalyov, Anton"]
[Black "Bruzon Batista, Lazaro"]
[Result "1-0"]
[Board "2"]
[WhiteID "114987"]
[WhiteElo "2617"]
[WhiteTitle "GM"]
[WhiteCountry "CAN"]
[WhiteFideId "114987"]
[WhiteEloChange "5"]
[BlackID "3503739"]
[BlackElo "2623"]
[BlackTitle "GM"]
[BlackCountry "CUB"]
[BlackFideId "3503739"]
[BlackEloChange "-5"]

1. c4 {[%clk 1:30:55]} e5 {[%clk 1:30:37]} 2. g3 {[%clk 1:31:07]} Nf6 {[%clk
1:30:40]} 3. Bg2 {[%clk 1:31:28]} h6 {[%clk 1:30:56]} 4. b3 {[%clk 1:30:23]} Bc5
{[%clk 1:19:16]} 5. Nc3 {[%clk 1:27:32]} Nc6 {[%clk 1:12:56]} 6. e3 {[%clk
1:17:09]} d5 {[%clk 0:59:33]} 7. Nxd5 {[%clk 1:16:35]} Nxd5 {[%clk 0:59:45]} 8.
cxd5 {[%clk 1:16:36]} Nb4 {[%clk 0:59:59]} 9. d3 {[%clk 1:15:41]} Nxd5 {[%clk
0:59:55]} 10. Nf3 {[%clk 1:12:40]} Bb4+ {[%clk 0:57:38]} 11. Bd2 {[%clk 1:12:43]}
Bd6 {[%clk 0:57:53]} 12. d4 {[%clk 1:07:26]} e4 {[%clk 0:55:00]} 13. Ne5 {[%clk
1:06:48]} Nf6 {[%clk 0:55:23]} 14. Qc2 {[%clk 1:03:03]} O-O {[%clk 0:54:54]} 15.
Bc3 {[%clk 0:59:50]} Be6 {[%clk 0:46:02]} 16. Rd1 {[%clk 0:56:36]} c6 {[%clk
0:42:06]} 17. O-O {[%clk 0:48:25]} Re8 {[%clk 0:31:36]} 18. Bxe4 {[%clk 0:40:51]}
Nxe4 {[%clk 0:31:11]} 19. Qxe4 {[%clk 0:41:13]} f6 {[%clk 0:28:18]} 20. Qc2
{[%clk 0:38:47]} Qe7 {[%clk 0:23:33]} 21. Nc4 {[%clk 0:36:34]} Bd5 {[%clk
0:23:37]} 22. Rde1 {[%clk 0:36:29]} Bc7 {[%clk 0:21:47]} 23. f3 {[%clk 0:34:09]}
Qe6 {[%clk 0:19:06]} 24. Nb2 {[%clk 0:32:32]} f5 {[%clk 0:17:09]} 25. Nd3 {[%clk
0:32:49]} Qg6 {[%clk 0:16:31]} 26. Ne5 {[%clk 0:29:49]} Qh5 {[%clk 0:14:37]} 27.
Qg2 {[%clk 0:28:00]} Rad8 {[%clk 0:13:12]} 28. g4 {[%clk 0:23:49]} fxg4 {[%clk
0:13:39]} 29. Nxg4 {[%clk 0:24:02]} Rd6 {[%clk 0:10:52]} 30. e4 {[%clk 0:23:09]}
Bf7 {[%clk 0:11:18]} 31. f4 {[%clk 0:23:15]} Rg6 {[%clk 0:03:44]} 32. h3 {[%clk
0:23:32]} Qh4 {[%clk 0:02:57]} 33. Re2 {[%clk 0:17:22]} Bb6 {[%clk 0:01:32]} 34.
f5 {[%clk 0:15:53]} Rg5 {[%clk 0:00:46]} 35. Rf4 {[%clk 0:13:58]} Kh8 {[%clk
0:00:34]} 36. Kh2 {[%clk 0:12:44]} Bc7 {[%clk 0:00:36]} 37. e5 {[%clk 0:13:07]}
Rh5 {[%clk 0:00:45]} 38. Qg3 {[%clk 0:12:49]} Qd8 {[%clk 0:00:54]} 39. Rg2 {[%clk
0:12:55]} Rg8 {[%clk 0:01:23]} 40. Ne3 {[%clk 0:41:35]} Rg5 {[%clk 0:31:23]} 41.
Rg4 {[%clk 0:41:19]} Rxg4 {[%clk 0:30:19]} 42. hxg4 {[%clk 0:40:54]} Qg5 {[%clk
0:26:40]} 43. Bd2 {[%clk 0:40:29]} Qd8 {[%clk 0:27:06]} 44. Bc3 {[%clk 0:38:19]}
Qg5 {[%clk 0:27:29]} 45. Nc2 {[%clk 0:32:54]} Bd5 {[%clk 0:23:42]} 46. Bd2 {[%clk
0:33:07]} Qd8 {[%clk 0:24:08]} 47. Re2 {[%clk 0:33:13]} Rf8 {[%clk 0:17:42]} 48.
Bf4 {[%clk 0:33:12]} Kg8 {[%clk 0:16:07]} 49. Kh3 {[%clk 0:32:08]} h5 {[%clk
0:14:49]} 50. e6 {[%clk 0:30:23]} hxg4+ {[%clk 0:08:08]} 51. Qxg4 {[%clk
0:30:30]} Bxf4 {[%clk 0:08:22]} 52. e7 {[%clk 0:30:13]} Qd6 {[%clk 0:07:17]} 53.
Qg6 {[%clk 0:22:55]} Bf7 {[%clk 0:04:43]} 54. Qxd6 {[%clk 0:23:01]} Bxd6 {[%clk
0:05:07]} 55. exf8Q+ {[%clk 0:23:22]} Kxf8 {[%clk 0:05:35]} 56. Kg4 {[%clk
0:23:15]} Bc7 {[%clk 0:05:26]} 57. Ne3 {[%clk 0:23:21]} Bb6 {[%clk 0:05:24]} 58.
Nc4 {[%clk 0:23:28]} Bxc4 {[%clk 0:04:54]} 59. bxc4 {[%clk 0:23:50]} Bxd4 {[%clk
0:05:07]} 60. Rd2 {[%clk 0:24:03]} c5 {[%clk 0:02:36]} 61. Re2 {[%clk 0:22:45]}
Kf7 {[%clk 0:02:20]} 62. Kf4 {[%clk 0:22:47]} Bf6 {[%clk 0:02:11]} 63. Re1 {[%clk
0:22:14]} Bc3 {[%clk 0:02:09]} 64. Rb1 {[%clk 0:22:31]} b6 {[%clk 0:02:30]} 65.
Rb3 {[%clk 0:22:53]} Bb4 {[%clk 0:01:52]} 66. Ke5 {[%clk 0:22:47]} Be1 {[%clk
0:01:47]} 67. Ra3 {[%clk 0:23:02]} Ba5 {[%clk 0:02:01]} 68. Rxa5 {[%clk 0:22:55]}
bxa5 {[%clk 0:02:27]} 69. Kd5 {[%clk 0:23:16]} Kf6 {[%clk 0:02:26]} 70. Kxc5
{[%clk 0:23:34]} Ke5 {[%clk 0:01:59]} 71. a4 {[%clk 0:23:59]} Kxf5 {[%clk
0:00:47]} 72. Kd6 {[%clk 0:24:17]} 1-0

[Event "Baku Chess Olympiad | Open"]
[Site "chess24.com"]
[Date "2016.09.06"]
[Round "5"]
[White "Le, Quang Liem"]
[Black "Adams, Michael"]
[Result "1/2-1/2"]
[Board "1"]
[WhiteID "12401137"]
[WhiteElo "2723"]
[WhiteTitle "GM"]
[WhiteCountry "VIE"]
[WhiteFideId "12401137"]
[BlackID "400041"]
[BlackElo "2738"]
[BlackTitle "GM"]
[BlackCountry "ENG"]
[BlackFideId "400041"]

1. d4 {[%clk 1:30:56]} Nf6 {[%clk 1:30:57]} 2. c4 {[%clk 1:31:06]} e6 {[%clk
1:31:22]} 3. Nf3 {[%clk 1:31:25]} d5 {[%clk 1:31:46]} 4. Nc3 {[%clk 1:31:38]} Be7
{[%clk 1:32:08]} 5. Bg5 {[%clk 1:31:13]} h6 {[%clk 1:32:32]} 6. Bh4 {[%clk
1:31:31]} O-O {[%clk 1:32:30]} 7. e3 {[%clk 1:31:46]} Nbd7 {[%clk 1:31:52]} 8.
Rc1 {[%clk 1:29:40]} c5 {[%clk 1:24:45]} 9. dxc5 {[%clk 1:25:55]} dxc4 {[%clk
1:14:21]} 10. Bxc4 {[%clk 1:24:13]} Nxc5 {[%clk 1:14:45]} 11. O-O {[%clk
1:24:27]} Nfe4 {[%clk 1:06:36]} 12. Nxe4 {[%clk 1:13:20]} Nxe4 {[%clk 1:07:03]}
13. Bxe7 {[%clk 1:12:59]} Qxe7 {[%clk 1:07:26]} 14. Qd4 {[%clk 1:13:18]} Nf6
{[%clk 1:01:14]} 15. Bb3 {[%clk 1:13:02]} b6 {[%clk 0:52:00]} 16. Qf4 {[%clk
1:12:08]} Bd7 {[%clk 0:47:00]} 17. Rc7 {[%clk 1:11:20]} Rfc8 {[%clk 0:42:24]} 18.
Rd1 {[%clk 1:06:41]} Rxc7 {[%clk 0:36:35]} 19. Qxc7 {[%clk 1:04:12]} Qd8 {[%clk
0:36:56]} 20. Qxd8+ {[%clk 0:50:55]} Rxd8 {[%clk 0:37:25]} 21. Ne5 {[%clk
0:51:10]} Kf8 {[%clk 0:37:45]} 22. Ba4 {[%clk 0:46:32]} Ke8 {[%clk 0:38:01]} 23.
Bc6 {[%clk 0:45:51]} a5 {[%clk 0:31:18]} 24. Kf1 {[%clk 0:44:10]} Bxc6 {[%clk
0:31:30]} 25. Rxd8+ {[%clk 0:44:34]} Kxd8 {[%clk 0:31:58]} 26. Nxc6+ {[%clk
0:44:52]} Kc7 {[%clk 0:22:31]} 27. Ne5 {[%clk 0:45:05]} Nd5 {[%clk 0:22:53]} 28.
Ke2 {[%clk 0:31:24]} f6 {[%clk 0:23:06]} 29. Nf3 {[%clk 0:31:26]} Kd6 {[%clk
0:20:17]} 30. a3 {[%clk 0:28:58]} f5 {[%clk 0:19:05]} 31. Kd3 {[%clk 0:26:28]}
Nc7 {[%clk 0:11:11]} 32. Nd4 {[%clk 0:24:26]} Kd5 {[%clk 0:09:56]} 33. f3 {[%clk
0:21:15]} a4 {[%clk 0:07:57]} 34. e4+ {[%clk 0:18:05]} fxe4+ {[%clk 0:08:11]} 35.
fxe4+ {[%clk 0:18:33]} Kc5 {[%clk 0:08:16]} 36. h4 {[%clk 0:15:42]} h5 {[%clk
0:07:30]} 37. g3 {[%clk 0:15:14]} b5 {[%clk 0:03:19]} 38. Kc3 {[%clk 0:14:15]}
Kd6 {[%clk 0:03:37]} 39. Kb4 {[%clk 0:06:54]} Ke5 {[%clk 0:04:02]} 40. Nxb5
{[%clk 0:37:15]} Nxb5 {[%clk 0:34:29]} 41. Kxb5 {[%clk 0:37:32]} Kxe4 {[%clk
0:34:56]} 42. Kxa4 {[%clk 0:37:47]} e5 {[%clk 0:35:06]} 43. b4 {[%clk 0:37:14]}
Kf3 {[%clk 0:32:41]} 44. b5 {[%clk 0:33:03]} e4 {[%clk 0:33:07]} 45. b6 {[%clk
0:33:21]} e3 {[%clk 0:33:34]} 46. b7 {[%clk 0:33:36]} e2 {[%clk 0:34:03]} 47. b8Q
{[%clk 0:33:52]} e1Q {[%clk 0:34:25]} 48. Qf4+ {[%clk 0:26:11]} Kg2 {[%clk
0:34:53]} 49. Kb5 {[%clk 0:26:16]} Qe2+ {[%clk 0:26:05]} 50. Ka5 {[%clk 0:25:25]}
Qe1+ {[%clk 0:26:00]} 51. Kb6 {[%clk 0:24:08]} Qb1+ {[%clk 0:24:23]} 52. Ka7
{[%clk 0:23:26]} Qh7 {[%clk 0:20:46]} 53. Kb8 {[%clk 0:21:34]} Qb1+ {[%clk
0:18:38]} 54. Kc8 {[%clk 0:19:43]} Qc2+ {[%clk 0:18:53]} 55. Kd7 {[%clk 0:19:51]}
Qd3+ {[%clk 0:18:47]} 56. Qd6 {[%clk 0:20:13]} Qb5+ {[%clk 0:18:07]} 57. Ke7
{[%clk 0:19:57]} Qb7+ {[%clk 0:16:42]} 58. Ke6 {[%clk 0:17:42]} Kh3 {[%clk
0:15:57]} 59. Qd3 {[%clk 0:13:40]} Qc6+ {[%clk 0:14:43]} 60. Qd6 {[%clk 0:12:11]}
Qb7 {[%clk 0:13:03]} 61. Kf5 {[%clk 0:07:57]} Qf3+ {[%clk 0:10:33]} 62. Kg6
{[%clk 0:08:16]} Qg4+ {[%clk 0:10:58]} 63. Kf7 {[%clk 0:05:40]} g5 {[%clk
0:11:08]} 64. hxg5 {[%clk 0:04:44]} Qxg5 {[%clk 0:11:32]} 65. a4 {[%clk 0:04:51]}
Qf5+ {[%clk 0:09:54]} 66. Ke7 {[%clk 0:04:56]} Qh7+ {[%clk 0:09:00]} 67. Kd8
{[%clk 0:04:05]} Qg8+ {[%clk 0:09:04]} 68. Ke7 {[%clk 0:03:34]} Qh7+ {[%clk
0:08:08]} 69. Kf6 {[%clk 0:02:28]} h4 {[%clk 0:07:32]} 70. gxh4 {[%clk 0:02:17]}
1/2-1/2

[Event "Baku Chess Olympiad | Open"]
[Site "chess24.com"]
[Date "2016.09.06"]
[Round "5"]
[White "Barbosa, Evandro Amorim"]
[Black "Kazhgaleyev, Murtas"]
[Result "0-1"]
[Board "3"]
[WhiteID "2115824"]
[WhiteElo "2509"]
[WhiteTitle "GM"]
[WhiteCountry "BRA"]
[WhiteFideId "2115824"]
[WhiteEloChange "-4"]
[BlackID "13700316"]
[BlackElo "2594"]
[BlackTitle "GM"]
[BlackCountry "KAZ"]
[BlackFideId "13700316"]
[BlackEloChange "4"]

1. e4 {[%clk 1:30:56]} e5 {[%clk 1:30:56]} 2. Nf3 {[%clk 1:31:16]} Nc6 {[%clk
1:31:19]} 3. Bb5 {[%clk 1:31:23]} a6 {[%clk 1:31:44]} 4. Ba4 {[%clk 1:31:42]} Nf6
{[%clk 1:32:09]} 5. d3 {[%clk 1:31:43]} d6 {[%clk 1:30:11]} 6. c3 {[%clk
1:31:47]} Be7 {[%clk 1:29:53]} 7. O-O {[%clk 1:31:34]} O-O {[%clk 1:29:30]} 8.
Nbd2 {[%clk 1:31:45]} Re8 {[%clk 1:29:19]} 9. Re1 {[%clk 1:31:42]} Bf8 {[%clk
1:29:45]} 10. Nf1 {[%clk 1:30:10]} h6 {[%clk 1:26:25]} 11. Ng3 {[%clk 1:29:47]}
b5 {[%clk 1:26:44]} 12. Bb3 {[%clk 1:29:49]} Na5 {[%clk 1:26:47]} 13. Bc2 {[%clk
1:30:12]} c5 {[%clk 1:27:11]} 14. d4 {[%clk 1:25:34]} Nc6 {[%clk 1:20:24]} 15. d5
{[%clk 1:23:27]} Ne7 {[%clk 1:18:26]} 16. a4 {[%clk 1:23:43]} Bd7 {[%clk
1:16:35]} 17. b4 {[%clk 1:22:44]} c4 {[%clk 1:16:32]} 18. h3 {[%clk 1:19:14]} Ng6
{[%clk 1:09:25]} 19. Be3 {[%clk 1:14:55]} Nh7 {[%clk 1:01:30]} 20. Qd2 {[%clk
1:13:56]} Nh4 {[%clk 0:57:49]} 21. Nxh4 {[%clk 1:01:04]} Qxh4 {[%clk 0:58:15]}
22. Nf5 {[%clk 0:44:25]} Bxf5 {[%clk 0:48:26]} 23. exf5 {[%clk 0:44:48]} Be7
{[%clk 0:48:02]} 24. Qe2 {[%clk 0:42:13]} Bg5 {[%clk 0:44:30]} 25. Bb6 {[%clk
0:40:28]} Nf6 {[%clk 0:37:02]} 26. Be4 {[%clk 0:26:15]} Bd2 {[%clk 0:33:55]} 27.
Qxd2 {[%clk 0:23:54]} Nxe4 {[%clk 0:34:12]} 28. Qc2 {[%clk 0:23:47]} Nf6 {[%clk
0:32:42]} 29. Rad1 {[%clk 0:22:22]} e4 {[%clk 0:27:20]} 30. Bd4 {[%clk 0:10:43]}
Nxd5 {[%clk 0:23:48]} 31. g3 {[%clk 0:10:03]} Qh5 {[%clk 0:16:53]} 32. Bxg7
{[%clk 0:08:19]} Nf4 {[%clk 0:17:00]} 33. gxf4 {[%clk 0:08:34]} Kxg7 {[%clk
0:17:24]} 34. Rd5 {[%clk 0:06:09]} Kh8 {[%clk 0:12:18]} 35. Re3 {[%clk 0:05:09]}
Qh4 {[%clk 0:11:27]} 36. Qd2 {[%clk 0:04:20]} bxa4 {[%clk 0:07:37]} 37. Rxd6
{[%clk 0:03:50]} a3 {[%clk 0:04:14]} 38. Qd4+ {[%clk 0:02:32]} Kh7 {[%clk
0:04:18]} 39. Rg3 {[%clk 0:02:13]} Rg8 {[%clk 0:04:32]} 40. Rdg6 {[%clk 0:32:08]}
Qxg3+ {[%clk 0:33:08]} 41. Rxg3 {[%clk 0:07:10]} a2 {[%clk 0:32:23]} 42. Qd1
{[%clk 0:07:36]} Rad8 {[%clk 0:32:04]} 43. Qe1 {[%clk 0:07:20]} Rxg3+ {[%clk
0:31:39]} 44. fxg3 {[%clk 0:07:49]} e3 {[%clk 0:30:25]} 45. Kg2 {[%clk 0:08:03]}
e2 {[%clk 0:19:02]} 46. f6 {[%clk 0:05:44]} Re8 {[%clk 0:17:01]} 47. Kf2 {[%clk
0:04:42]} Kg6 {[%clk 0:16:03]} 48. g4 {[%clk 0:03:51]} Kxf6 {[%clk 0:16:10]} 49.
g5+ {[%clk 0:03:57]} hxg5 {[%clk 0:15:12]} 50. fxg5+ {[%clk 0:04:22]} Kg6 {[%clk
0:14:22]} 51. h4 {[%clk 0:02:51]} Kh5 {[%clk 0:13:52]} 52. b5 {[%clk 0:01:10]}
axb5 {[%clk 0:12:36]} 53. g6 {[%clk 0:00:50]} fxg6 {[%clk 0:12:40]} 54. Kg3
{[%clk 0:00:39]} a1Q {[%clk 0:12:41]} 0-1

[Event "Baku Chess Olympiad | Open"]
[Site "chess24.com"]
[Date "2016.09.06"]
[Round "5"]
[White "Perez Ponsa, Federico"]
[Black "Palencia Morales, Wilson Guillermo"]
[Result "1-0"]
[Board "3"]
[WhiteID "117927"]
[WhiteElo "2585"]
[WhiteTitle "GM"]
[WhiteCountry "ARG"]
[WhiteFideId "117927"]
[WhiteEloChange "2"]
[BlackID "4401859"]
[BlackElo "2378"]
[BlackTitle "IM"]
[BlackCountry "VEN"]
[BlackFideId "4401859"]
[BlackEloChange "-5"]

1. e4 {[%clk 1:30:52]} e6 {[%clk 1:30:30]} 2. d4 {[%clk 1:30:54]} d5 {[%clk
1:30:52]} 3. Nc3 {[%clk 1:31:18]} Bb4 {[%clk 1:30:59]} 4. e5 {[%clk 1:31:23]} c5
{[%clk 1:30:52]} 5. a3 {[%clk 1:31:10]} Bxc3+ {[%clk 1:31:12]} 6. bxc3 {[%clk
1:31:35]} Qc7 {[%clk 1:31:23]} 7. Qg4 {[%clk 1:30:49]} Ne7 {[%clk 1:31:29]} 8.
Bd3 {[%clk 1:30:12]} c4 {[%clk 1:30:56]} 9. Be2 {[%clk 1:30:13]} Rg8 {[%clk
1:27:44]} 10. Bd1 {[%clk 1:21:31]} Bd7 {[%clk 1:23:42]} 11. Ne2 {[%clk 1:20:00]}
Nbc6 {[%clk 1:22:26]} 12. O-O {[%clk 1:19:04]} O-O-O {[%clk 1:17:14]} 13. a4
{[%clk 1:13:48]} f6 {[%clk 1:15:00]} 14. f4 {[%clk 1:12:55]} Nf5 {[%clk 1:09:57]}
15. Ng3 {[%clk 1:05:45]} h6 {[%clk 0:50:37]} 16. Nxf5 {[%clk 1:02:12]} exf5
{[%clk 0:51:00]} 17. Qg6 {[%clk 0:55:12]} Ne7 {[%clk 0:47:16]} 18. Qh5 {[%clk
0:53:28]} fxe5 {[%clk 0:33:09]} 19. fxe5 {[%clk 0:53:46]} Kb8 {[%clk 0:32:12]}
20. Ba3 {[%clk 0:39:28]} Nc8 {[%clk 0:31:34]} 21. Qg6 {[%clk 0:36:29]} Qc6 {[%clk
0:14:35]} 22. Bh5 {[%clk 0:35:42]} Be6 {[%clk 0:02:36]} 23. Bd6+ {[%clk 0:21:59]}
Nxd6 {[%clk 0:01:02]} 24. Qxe6 {[%clk 0:22:25]} Nc8 {[%clk 0:01:18]} 25. Qxc6
{[%clk 0:21:43]} bxc6 {[%clk 0:01:42]} 26. Bf7 {[%clk 0:22:06]} Rgf8 {[%clk
0:02:05]} 27. Rxf5 {[%clk 0:22:18]} Ne7 {[%clk 0:02:06]} 28. Rf3 {[%clk 0:22:25]}
Kc7 {[%clk 0:02:26]} 29. Raf1 {[%clk 0:20:17]} Rb8 {[%clk 0:02:14]} 30. Bxd5
{[%clk 0:18:48]} Rxf3 {[%clk 0:01:33]} 31. Bxf3 {[%clk 0:19:13]} Kd7 {[%clk
0:00:53]} 32. Bg4+ {[%clk 0:18:38]} Ke8 {[%clk 0:01:19]} 33. Be6 {[%clk 0:18:48]}
Rb2 {[%clk 0:01:07]} 34. Bxc4 {[%clk 0:12:20]} Rxc2 {[%clk 0:01:25]} 35. Rf3
{[%clk 0:12:20]} Nd5 {[%clk 0:01:18]} 36. Bxd5 {[%clk 0:07:31]} cxd5 {[%clk
0:01:45]} 37. e6 {[%clk 0:06:13]} Ke7 {[%clk 0:00:49]} 38. Rf7+ {[%clk 0:05:58]}
Kxe6 {[%clk 0:01:14]} 39. Rxg7 {[%clk 0:04:55]} Rxc3 {[%clk 0:01:10]} 40. Rxa7
{[%clk 0:35:08]} Rd3 {[%clk 0:30:35]} 41. Ra6+ {[%clk 0:30:41]} Kf5 {[%clk
0:30:48]} 42. Rxh6 {[%clk 0:30:56]} Rxd4 {[%clk 0:30:45]} 43. a5 {[%clk 0:31:08]}
Rd1+ {[%clk 0:30:26]} 44. Kf2 {[%clk 0:31:33]} Rd2+ {[%clk 0:30:43]} 45. Kf3
{[%clk 0:31:47]} Rd3+ {[%clk 0:30:40]} 46. Kf2 {[%clk 0:26:43]} Ra3 {[%clk
0:30:33]} 47. a6 {[%clk 0:27:07]} Kf4 {[%clk 0:28:12]} 48. g3+ {[%clk 0:23:35]}
Ke4 {[%clk 0:28:31]} 49. h4 {[%clk 0:20:01]} Ra2+ {[%clk 0:28:41]} 50. Ke1 {[%clk
0:20:13]} d4 {[%clk 0:28:25]} 51. h5 {[%clk 0:20:01]} d3 {[%clk 0:28:07]} 52.
Re6+ {[%clk 0:19:17]} Kd4 {[%clk 0:22:46]} 53. Rd6+ {[%clk 0:01:39]} Ke3 {[%clk
0:22:39]} 54. Re6+ {[%clk 0:02:07]} Kd4 {[%clk 0:23:01]} 55. h6 {[%clk 0:01:15]}
Ra1+ {[%clk 0:22:50]} 56. Kd2 {[%clk 0:01:44]} Ra2+ {[%clk 0:19:40]} 57. Ke1
{[%clk 0:02:11]} Ra1+ {[%clk 0:19:47]} 58. Kd2 {[%clk 0:00:34]} Ra2+ {[%clk
0:20:04]} 59. Kc1 {[%clk 0:00:59]} Ra1+ {[%clk 0:06:03]} 60. Kb2 {[%clk 0:01:28]}
d2 {[%clk 0:06:27]} 61. h7 {[%clk 0:01:39]} Rb1+ {[%clk 0:05:32]} 62. Ka3 {[%clk
0:02:08]} Rb8 {[%clk 0:01:04]} 63. Rd6+ {[%clk 0:01:34]} Kc3 {[%clk 0:01:26]} 64.
g4 {[%clk 0:00:32]} Ra8 {[%clk 0:00:46]} 65. Rc6+ {[%clk 0:00:35]} Kd4 {[%clk
0:00:39]} 66. Rd6+ {[%clk 0:00:47]} Kc3 {[%clk 0:01:04]} 67. Rc6+ {[%clk
0:01:04]} Kd4 {[%clk 0:01:33]} 68. Kb2 {[%clk 0:00:32]} Kd5 {[%clk 0:01:39]} 69.
Kc2 {[%clk 0:00:46]} Kxc6 {[%clk 0:02:00]} 70. g5 {[%clk 0:01:16]} Rd8 {[%clk
0:00:42]} 71. Kd1 {[%clk 0:01:45]} Rh8 {[%clk 0:00:32]} 72. g6 {[%clk 0:02:12]}
Kb6 {[%clk 0:00:54]} 73. g7 {[%clk 0:02:03]} Rxh7 {[%clk 0:01:20]} 74. g8Q {[%clk
0:02:28]} Ra7 {[%clk 0:01:23]} 75. Qb8+ {[%clk 0:01:37]} Kxa6 {[%clk 0:01:46]}
76. Kxd2 {[%clk 0:02:03]} Rb7 {[%clk 0:02:07]} 77. Qa8+ {[%clk 0:02:27]} Kb6
{[%clk 0:02:31]} 78. Kc3 {[%clk 0:02:36]} Rd7 {[%clk 0:02:43]} 79. Kc4 {[%clk
0:02:50]} Rc7+ {[%clk 0:03:02]} 80. Kb4 {[%clk 0:03:11]} Rb7 {[%clk 0:03:25]} 81.
Qd8+ {[%clk 0:03:23]} Kc6+ {[%clk 0:03:49]} 82. Kc4 {[%clk 0:03:47]} Rc7 {[%clk
0:04:14]} 83. Qf6+ {[%clk 0:04:05]} Kd7+ {[%clk 0:04:04]} 84. Kd5 {[%clk
0:04:33]} Kc8 {[%clk 0:04:14]} 85. Qf4 {[%clk 0:04:04]} Kb7 {[%clk 0:04:11]} 86.
Kd6 {[%clk 0:04:15]} Rc6+ {[%clk 0:03:59]} 87. Kd7 {[%clk 0:04:41]} Rb6 {[%clk
0:04:06]} 88. Qe4+ {[%clk 0:05:02]} Kb8 {[%clk 0:03:47]} 89. Qd5 {[%clk 0:05:02]}
Rb7+ {[%clk 0:02:43]} 90. Kc6 {[%clk 0:05:27]} Ka7 {[%clk 0:02:43]} 91. Qa2+
{[%clk 0:05:13]} Kb8 {[%clk 0:03:05]} 92. Qa5 {[%clk 0:05:32]} 1-0

[Event "Baku Chess Olympiad | Open"]
[Site "chess24.com"]
[Date "2016.09.06"]
[Round "5"]
[White "Forster, Richard"]
[Black "Pasaribu, Ivan Maxmillian Putra"]
[Result "1-0"]
[Board "4"]
[WhiteID "1301764"]
[WhiteElo "2459"]
[WhiteTitle "IM"]
[WhiteCountry "SUI"]
[WhiteFideId "1301764"]
[WhiteEloChange "1"]
[BlackID "7104219"]
[BlackElo "1860"]
[BlackTitle "FM"]
[BlackCountry "INA"]
[BlackFideId "7104219"]
[BlackEloChange "-2"]

1. Nf3 {[%clk 1:30:51]} Nf6 {[%clk 1:30:30]} 2. g3 {[%clk 1:31:15]} e6 {[%clk
1:30:33]} 3. Bg2 {[%clk 1:31:40]} Be7 {[%clk 1:30:34]} 4. O-O {[%clk 1:32:02]} d5
{[%clk 1:30:51]} 5. d3 {[%clk 1:32:05]} O-O {[%clk 1:28:57]} 6. Nbd2 {[%clk
1:31:55]} Nc6 {[%clk 1:25:32]} 7. d4 {[%clk 1:24:27]} Ne4 {[%clk 1:13:06]} 8. c4
{[%clk 1:23:42]} Nxd2 {[%clk 1:09:30]} 9. Qxd2 {[%clk 1:15:46]} dxc4 {[%clk
1:00:33]} 10. Rd1 {[%clk 1:04:57]} Rb8 {[%clk 0:49:44]} 11. Qc3 {[%clk 0:56:38]}
b5 {[%clk 0:43:43]} 12. a4 {[%clk 0:56:47]} a6 {[%clk 0:37:57]} 13. axb5 {[%clk
0:56:53]} axb5 {[%clk 0:38:23]} 14. b3 {[%clk 0:53:08]} Bb4 {[%clk 0:35:48]} 15.
Qc2 {[%clk 0:52:30]} cxb3 {[%clk 0:35:14]} 16. Qxb3 {[%clk 0:51:34]} Be7 {[%clk
0:26:43]} 17. e4 {[%clk 0:45:15]} Bb7 {[%clk 0:15:02]} 18. Bb2 {[%clk 0:33:52]}
Nb4 {[%clk 0:11:08]} 19. Ba3 {[%clk 0:23:28]} Nc6 {[%clk 0:11:17]} 20. d5 {[%clk
0:20:49]} exd5 {[%clk 0:09:02]} 21. exd5 {[%clk 0:20:53]} Na5 {[%clk 0:06:17]}
22. Qxb5 {[%clk 0:19:04]} Bxa3 {[%clk 0:06:15]} 23. Rxa3 {[%clk 0:14:28]} Nc6
{[%clk 0:06:40]} 24. Rad3 {[%clk 0:14:18]} Ne7 {[%clk 0:07:00]} 25. Ne5 {[%clk
0:13:04]} Qd6 {[%clk 0:02:52]} 26. Nc4 {[%clk 0:05:51]} Qa6 {[%clk 0:02:58]} 27.
Qc5 {[%clk 0:05:41]} Ng6 {[%clk 0:02:39]} 28. h4 {[%clk 0:03:21]} Rfe8 {[%clk
0:02:01]} 29. Ra3 {[%clk 0:02:51]} Qf6 {[%clk 0:02:09]} 30. Qxc7 {[%clk 0:02:24]}
Rec8 {[%clk 0:01:28]} 31. Qd6 {[%clk 0:02:42]} Qxd6 {[%clk 0:00:59]} 32. Nxd6
{[%clk 0:03:10]} Rd8 {[%clk 0:01:21]} 33. Nc4 {[%clk 0:02:26]} Bc8 {[%clk
0:01:34]} 34. Ra7 {[%clk 0:01:36]} Kf8 {[%clk 0:00:53]} 35. Na5 {[%clk 0:01:46]}
Bg4 {[%clk 0:00:48]} 36. Rd4 {[%clk 0:01:22]} Rb1+ {[%clk 0:00:50]} 37. Kh2
{[%clk 0:01:39]} Ne5 {[%clk 0:01:15]} 38. Rf4 {[%clk 0:01:15]} Bd7 {[%clk
0:01:03]} 39. Nc6 {[%clk 0:00:45]} Bxc6 {[%clk 0:00:58]} 40. dxc6 {[%clk
0:31:11]} Rc1 {[%clk 0:31:23]} 41. Rc7 {[%clk 0:25:08]} h5 {[%clk 0:29:08]} 42.
Be4 {[%clk 0:20:55]} Rd4 {[%clk 0:13:43]} 43. Kg2 {[%clk 0:12:44]} Rcc4 {[%clk
0:09:18]} 44. Rb7 {[%clk 0:09:34]} g5 {[%clk 0:04:46]} 45. hxg5 {[%clk 0:08:28]}
Kg7 {[%clk 0:05:10]} 46. c7 {[%clk 0:04:13]} Rd7 {[%clk 0:03:32]} 47. Rf5 {[%clk
0:04:02]} Ng6 {[%clk 0:02:33]} 48. c8Q {[%clk 0:03:48]} Rxc8 {[%clk 0:02:57]} 49.
Rxd7 {[%clk 0:04:10]} 1-0